Operations management : the management of productive systems /

Bibliographic Details
Main Author: Buffa, Elwood Spencer, 1923-
Format: Book
Language:English
Published: Santa Barbara : Wiley, [1976]
Series:Wiley/Hamilton series in management and administration.
Subjects:

MARC

Tag First Indicator Second Indicator Subfields
LEADER 00000cam a2200000 i 4500
001 in00000038879
005 20151007081344.0
008 760517s1976 caua b 00110 eng
010 |a  75033179  
020 |a 0471118907 
035 |a (OCoLC)02283252 
035 |9 AAF6251AM 
040 |a DLC  |c DLC  |d TXA  |d UtOrBLW 
049 |a TXAM  |c 1 [1493038], 2 [1115063] 
050 0 0 |a HD20.5  |b .B77 
082 0 |a 658.4/034 
100 1 |a Buffa, Elwood Spencer,  |d 1923- 
245 1 0 |a Operations management :  |b the management of productive systems /  |c Elwood S. Buffa. 
264 1 |a Santa Barbara :  |b Wiley,  |c [1976] 
264 4 |c ©1976 
300 |a xii, 686 pages :  |b illustrations ;  |c 25 cm. 
336 |a text  |b txt  |2 rdacontent 
337 |a unmediated  |b n  |2 rdamedia 
338 |a volume  |b nc  |2 rdacarrier 
490 1 |a Wiley/Hamilton series in management and administration 
500 |a "A Wiley/Hamilton publication." 
504 |a Includes bibliographies and index. 
650 0 |a Industrial management. 
650 0 |a Operations research. 
650 0 |a System analysis. 
830 0 |a Wiley/Hamilton series in management and administration. 
999 |a MARS 
999 f f |s 84cb035e-08f6-3032-829f-8dea4bf48158  |i 2aae0d1e-2f36-3f93-9057-fc44aae01357  |t 0 
952 f f |p ric  |a Texas A&M University  |b Rellis Campus  |c Joint Library Facility  |d Remote Storage  |t 0  |e HD20.5 .B77  |h Library of Congress classification  |i unmediated -- volume  |m A14802608398 
998 f f |a HD20.5 .B77  |t 0  |l Remote Storage